| 000 | 00395 a2200157 4500 | ||
|---|---|---|---|
| 001 | 156066 | ||
| 040 | _cEscola São Tomás de Aquino | ||
| 100 | _aSANTOS, José | ||
| 240 | 1 | 0 |
_aVamos tocar o abc _lpor |
| 245 | 1 | 0 | _aVamos tocar o abc |
| 300 | _a23 | ||
| 362 | 0 | _a2016 | |
| 440 | 1 | _aGlobal | |
| 697 | _aSistemas de escrita (alfabeto, Braille, abreviaturas, pontuação, etc.) | ||
| 942 | _cBK | ||
| 999 |
_c156066 _d156066 |
||